000 00670nam a2200241Ia 4500
005 20260430150353.0
008 008 250103s9999 xx 000 0 eng d
037 _aTheses
040 _aCRL
040 _beng
040 _ceng
041 _2eng
041 _aeng
084 _qCRL
100 _aRoy Anubhav Au.; Sanjeev Kumar Gu.
_91237288
245 0 _aStudy of Socialist Indian’s Reception of the U.S.’ Soft Power Exports,1966-71
260 _c2022
300 _a305p.
650 _aPolitical Science
700 _aUniversity of Delhi. Faculty of Social Sciences. Deptt.of Political Science
_91237289
942 _cTH
999 _c1849624
_d1849624